000 00662nam a2200217 a 4500
005 20250225063834.0
008 991125s1989 mad 000 0 spa u
020 _a8485252357
035 _aUPN01000046132
049 _aCG
050 4 _aLC8
_bE86 no.13 1989
100 1 _aJiménez Gómez, Jaime M.
_928787
245 1 3 _aLa prevención de dificultades en el aprendizaje de la lecto-escritura :
_bel método mapal /
_cJaime Jiménez M.
250 _a4a ed.
260 _aMadrid :
_bCEPE,
_c1989.
300 _a286 p. :
_bil.
440 0 _aEducación especial ;
_v13
650 4 _aEducación especial
_93029
650 4 _aLectoescritura
_92985
905 _aLibro
999 _c46132
_d46132